000 00357nam a2200133Ia 4500
999 _c15936
_d15936
082 _aRR 920.9305552 INT;
245 0 _aInternational who's who of intellectuals
250 _a7th
260 _aCambridge
_bInternational Biographical Centre
_c1987
300 _a960vp.
650 _aBiography - Directories
650 _aCelebrities - Biography
942 _cBK